00929nam a2200253Ia 4500001000700000003000500007008004100012010001100053040000900064100002900073245009300102260003300195300000700228502018500235650002800420650001200448650001900460650002700479650001700506650002700523700003800550700004300588700004400631Z_6969CHAP220113s2016 xx 000 0 und d a170227 cCHAP aVazquez Mendoza, Paulina aAprovechamiento de nopal y tuna en la alimentacion de ovinos /cPaulina Vazquez Mendoza aMéxico :bEl autor,c2016 aCD aTesis (Doctor en Ciencias en Innovación Ganadera) -- UACh, 2016 \ Dirección: Luis Alberto Miranda Romero; asesoría: Gilberto Aranda Osorio y Juan Andrés Burgueño Ferreira aComposición química aconsumo aDigestibilidad aFermentación ruminal aGanado ovino 7aOpuntia ficus-indica2 a Aranda Osorio, Gilberto, asesor  a Burgueño Ferreira, Andrés, asesor aMiranda Romero, Luis Alberto, director